000 01330 a2200301 4500
005 20080919133341.0
008 080919t xxu||||| |||| 00| 0 kan d
010 _aKAN-7584
020 _a9788173029417
_c40.00
035 _aKN-5024
037 _bD.B.Act / pub / nkp
082 _a371.192
100 _aಶಾಂತಾ ನಾಗರಾಜ್.
245 _aಶಾಲಾ ಮಕ್ಕಳ ಪೋಷಕರಿಗೆ ಕಿವಿಮಾತು
_cby ಶಾಂತಾ ನಾಗರಾಜ್.
246 _aShala makkala poshakarige kivimaatu
_bby Shantha Nagaraj
250 _a1st ed
260 _aಬೆಂಗಳೂರು
_bನವಕರ್ನಾಟಕ ಪಬ್ಲಿಕೇಷನ್ಸ್
_c2007
270 _aEmbassy center cresent road
_bBangalore
_cKarnatak
_e560 001
_k22203580
_mnavakarnataka@vsnl.com
300 _a128p
_c22cm (pbk)
490 _aವ್ಯಕ್ತಿ ವಿಕಸನ ಮಾಲೆ
500 _aGuidence to parents of School children- a book in kannada
650 _aPersonality development
650 _aಪೋಷಕರು ಮತ್ತು ಮಕ್ಕಳು.
650 _aParents
650 _aParents and children
942 _cKN
_k370 / NAG
_adpl
_2ddc
_h370
_mNAG
999 _c800
_d800